000
00305nam a22001097a 4500
008
230629b xxu||||| |||| 00| 0 eng d
082
_a
338.91
_b
GHO 2005
245
_a
The Design of IMF-Supported Programs
260
_a
Washington Dc
_b
International Monetary Fund
_c
2005
300
_a
VI,153p
942
_2
ddc
_c
BK
999
_c
3007
_d
3007